|
|
|
|
| LEADER |
00000cam a2200000 i 4500 |
| 001 |
JSTOR_on1054246321 |
| 003 |
OCoLC |
| 005 |
20231005004200.0 |
| 006 |
m o d |
| 007 |
cr cnu---unuuu |
| 008 |
180926s2010 mx ob 001 0 spa d |
| 040 |
|
|
|a JSTOR
|b eng
|e rda
|e pn
|c JSTOR
|d ICN
|d LOA
|d U3W
|d SOI
|d ERL
|d TXR
|d OCLCQ
|d OCLCO
|d OCLCQ
|d OCLCO
|d OCLCQ
|d OCLCO
|
| 020 |
|
|
|a 9786075640020
|
| 020 |
|
|
|a 6075640029
|
| 020 |
|
|
|z 9786074622409
|
| 035 |
|
|
|a (OCoLC)1054246321
|
| 037 |
|
|
|a 22573/ctv47c1j0
|b JSTOR
|
| 043 |
|
|
|a n-mx---
|
| 050 |
|
4 |
|a F1226
|b .H575 2010eb
|
| 082 |
0 |
4 |
|a 972
|2 23
|
| 049 |
|
|
|a UAMI
|
| 245 |
0 |
0 |
|a Historia general de México :
|b ilustrada.
|n Volumen 1 /
|c Erik Velásquez García [and 23 others].
|
| 250 |
|
|
|a Primera edición.
|
| 264 |
|
1 |
|a México :
|b El Colegio de México :
|b Cámara de Diputados, LXI Legislatura,
|c 2010.
|
| 300 |
|
|
|a 1 online resource
|
| 336 |
|
|
|a text
|b txt
|2 rdacontent
|
| 337 |
|
|
|a computer
|b c
|2 rdamedia
|
| 338 |
|
|
|a online resource
|b cr
|2 rdacarrier
|
| 347 |
|
|
|a data file
|
| 500 |
|
|
|a "Edición conmemorativa por el inicio del Bicentenario de la Independencia y el inicio del Centenario de la Revolución."
|
| 504 |
|
|
|a Includes bibliographical references and index.
|
| 588 |
0 |
|
|a PDF (JSTOR, viewed September 26, 2018).
|
| 590 |
|
|
|a JSTOR
|b Books at JSTOR Open Access
|
| 590 |
|
|
|a JSTOR
|b Books at JSTOR All Purchased
|
| 651 |
|
0 |
|a Mexico
|x History.
|
| 651 |
|
0 |
|a Mexico
|x History
|v Pictorial works.
|
| 651 |
|
6 |
|a Mexique
|x Histoire.
|
| 651 |
|
6 |
|a Mexique
|x Histoire
|v Ouvrages illustrés.
|
| 651 |
|
7 |
|a Mexico
|2 fast
|
| 655 |
|
7 |
|a History
|2 fast
|
| 655 |
|
7 |
|a Pictorial works
|2 fast
|
| 700 |
1 |
|
|a Velásquez, Erik
|q (Velásquez García),
|e author.
|
| 856 |
4 |
0 |
|u https://jstor.uam.elogim.com/stable/10.2307/j.ctv47w8kt
|z Texto completo
|
| 994 |
|
|
|a 92
|b IZTAP
|